Sri Aurobindo / (Record no. 129882)

MARC details
000 -LEADER
fixed length control field 00584nam a22002177a 4500
005 - DATE AND TIME OF LATEST TRANSACTION
control field 20170124110104.0
010 ## - LIBRARY OF CONGRESS CONTROL NUMBER
LC control number B-041007
020 ## - INTERNATIONAL STANDARD BOOK NUMBER
Terms of availability 30.00
International Standard Book Number 8123700367
035 ## - SYSTEM CONTROL NUMBER
System control number B-041007
037 ## - SOURCE OF ACQUISITION
Source of stock number/acquisition Cen Lib/Ret
040 ## - CATALOGING SOURCE
Original cataloging agency DPL
Language of cataloging EN
082 ## - DEWEY DECIMAL CLASSIFICATION NUMBER
Classification number 921
Item number AUR
100 ## - MAIN ENTRY--PERSONAL NAME
Personal name Navajata
9 (RLIN) 27676
245 ## - TITLE STATEMENT
Title Sri Aurobindo /
Statement of responsibility, etc by Navajata
260 ## - PUBLICATION, DISTRIBUTION, ETC. (IMPRINT)
Place of publication, distribution, etc New Delhi
Name of publisher, distributor, etc National book trust
Date of publication, distribution, etc 2000
270 ## - ADDRESS
City New Delhi
Address A-5,Green park
Postal code 110016
300 ## - PHYSICAL DESCRIPTION
Extent 82p.
Dimensions 20cm(pbk)
490 ## - SERIES STATEMENT
Series statement National biography
650 ## - SUBJECT ADDED ENTRY--TOPICAL TERM
Topical term or geographic name as entry element Biography
9 (RLIN) 7490
942 ## - ADDED ENTRY ELEMENTS (KOHA)
Source of classification or shelving scheme Dewey Decimal Classification
Koha item type English Books
Classification part 921
Call number suffix AUR
Holdings
Withdrawn status Lost status Damaged status Not for loan Home library Current library Date acquired Source of acquisition Cost, normal purchase price Total Checkouts Full call number Barcode Date last seen Date checked out Copy number Cost, replacement price Price effective from Koha item type
        Central Library Central Library 07/07/2015 Cen Lib/Ret 30.00 1 921 AUR B-041007 22/01/2026 08/01/2026 1 30.00 07/07/2015 English Books

© Delhi Public Library
Hit Counter
free hit counter